Llibre blanc del Servei de Música : la política musical / Direcció General d' Activitats Artístiques i Literàries. Servei de Música la política musical / Direcció General d' Activitats Artístiques i Literàries. Servei de Música
Publicado:
Barcelona :
Departament de Cultura i Mitjans de Comunicació. Generalitat de Catalunya ,
1982
Descripción Física:
78 p., [6] p. de làm., col. , 24 cm
Materias:
Música -- Catalunya
MARC
| LEADER | 00000nam a2200000Ia 4500 | ||
|---|---|---|---|
| 001 | 1425 | ||
| 008 | 160829s1982 xx 000 0 cat d | ||
| 080 | |a B-1-130 | ||
| 110 | |a Catalunya. |b Servei de Música |9 53856 | ||
| 245 | |a Llibre blanc del Servei de Música : |b la política musical / Direcció General d' Activitats Artístiques i Literàries. Servei de Música | ||
| 260 | |a Barcelona : |b Departament de Cultura i Mitjans de Comunicació. Generalitat de Catalunya, |c 1982 | ||
| 300 | |a 78 p., [6] p. de làm., col. , 24 cm | ||
| 650 | 0 | |a Música |x Catalunya |9 30317 | |
| 710 | 1 | |a Catalunya. |b Departament de Cultura i Mitjans de Comunicació |9 55890 | |
| 901 | |a Arxiu | ||
| 942 | |n 1 | ||
| 952 | |0 0 |1 0 |4 0 |6 B1130 |7 1 |9 41453 |a Arxiu |b Arxiu |d 2016-12-01 |l 0 |o B-1-130 |p 1425 |r 2016-12-01 00:00:00 |w 2016-12-01 |y ARXIU | ||
| 999 | |c 43260 |d 43260 | ||